The Persian Gulf and The Balance of Power (Record no. 183802)

000 -LEADER
fixed length control field 00797 a2200169 4500
003 - CONTROL NUMBER IDENTIFIER
control field Nust
005 - DATE AND TIME OF LATEST TRANSACTION
control field 20221013123451.0
040 ## - CATALOGING SOURCE
Transcribing agency Nust
082 ## - DEWEY DECIMAL CLASSIFICATION NUMBER
Classification number 551.46735,KHA
100 ## - MAIN ENTRY--PERSONAL NAME
Personal name Khan ,Shahid A
9 (RLIN) 46375
245 ## - TITLE STATEMENT
Title The Persian Gulf and The Balance of Power
Statement of responsibility, etc. Major Shahid A Khan
260 ## - PUBLICATION, DISTRIBUTION, ETC.
Place of publication, distribution, etc. GHQ
Name of publisher, distributor, etc. Educatin Press
Date of publication, distribution, etc. 1982.
300 ## - PHYSICAL DESCRIPTION
Extent 118:p
505 ## - FORMATTED CONTENTS NOTE
Formatted contents note Interdiction (Page-1), The Historical Overview Of The Balance of Power system in The Persian Gulf Region (Page-8), The Land , People And the Political of the Persian Gulf Region (Page-46), Regional Political of the Persian Gulf (Page-68), The Creation and Collapse of a New Balance of Power System in the Persian Gulf (Page-86), Future of the Persian Gulf and Western Option (Page-99).
650 ## - SUBJECT ADDED ENTRY--TOPICAL TERM
Topical term or geographic name entry element Balance of Power
942 ## - ADDED ENTRY ELEMENTS (KOHA)
Source of classification or shelving scheme
Koha item type Book
Holdings
Withdrawn status Lost status Source of classification or shelving scheme Damaged status Not for loan Permanent Location Current Location Shelving location Date acquired Full call number Barcode Date last seen Price effective from Koha item type Public note
          Military College of Signals (MCS) Military College of Signals (MCS) General Stacks 12/12/2016 551.46735,KHA MCS21424 12/08/2016 12/12/2016 Book Almirah No.25, Shelf No.5
© 2023 Central Library, National University of Sciences and Technology. All Rights Reserved.